00407nam a2200121Ia 4500008004100000020001800041082001700059100002400076245015100100260001300251300000900264600001200273260520s9999 xx 000 0 und d a9786277941093 a928.914 ASI  aAsif, Hafiza Marium 0aFrom Darkness to Noor:ba book about the experiences of emerging female writers of Pakistanc/compiled by Sahar Imran edited by Hafiza Marium Asif aKarachi: a82p. aWriting